000 00602nam a2200217Ia 4500
999 _c126568
_d126568
003 0100
005 20170727085842.0
008 130303s9999 xx 000 0 und d
040 _cARRUPELIB
050 _aB808.5.F45 1972
245 _aNew readings in philosophical analysis
260 _bApple-Century-Crofts
_aNew York
_c1972
300 _axi
300 _b 675p. 23 cm.
650 _aAnalysis (Philosophy)
_933605
700 _aFeigl, Herbert ; Sellars, Wilfrid ; Lehrer, Keith (ed.)
_933606
942 _2lcc
_cMONOGRAPH